1265 1848 1836 1840 1559 1427 1593 1783 1234 1933 1214 1757 1598 1430 1680 1600 1524 1094 1575 1885 1239 1377 1996 1264 1321 1539 1287 1544 1943 1499 1749 1568 1546 1633 1596 1254 1830 1667 1791 1055 1126 1647 1889 1298 1165 1455 1897 1187 1685 1564 1338 1116 1449 1993 1713 1352 1642 1252 1190 1362 1349 1269 1840 1689 1275 1805 1070 1781 1704 1760 1822 1255 1110 1994 1059 1655 1171 1655 1380 1535 1597 1268 1260 1187 1823 1380 1057 1107 1144 1468 1455 1613 1047 1638 1612 1083 1512 1877 1401 BCNSPRNW ULIB Ver.6.0+V

เปลี่ยนเป็นภาษาไทย

Change to English
 แสดงรายละเอียดบรรณานุกรม
  กลับหน้าหลัก

Brief Record : Get Marc (ISO 2709) : E-mail record : QR code < ปิดหน้าต่าง
LEADER : 00000nam 2200000uu 4500
001    13399120553
003     ULIB
008    120927s2549||||th 000 0 tha d
020    ^a9746720147
060 04 ^aWY105^bว648ก 2549
100 0  ^aวิภาดา คุณาวิกติกุล
245 10 ^aการพัฒนาบุคลากรพยาบาล =^bNursing staff development /^cวิภาดา คุณาวิกติกุล
246 31 ^aNursing staff development
250    ^aพิมพ์ครั้งที่ 1
260    ^aเชียงใหม่ :^bคณะพยาบาลศาสตร์ มหาวิทยาลัยเชียงใหม่,^c2549
300    ^aix, 221 หน้า ;^c27 ซม.
650  7 ^aการพยาบาล, การบริการ^xการบริหารงานบุคคล
650  7 ^aพยาบาล^xองค์การและการบริหาร
710 2  ^aมหาวิทยาลัยเชียงใหม่. ^bคณะพยาบาลศาสตร์
945    ^p260^l0^i14210
945    ^p260^l0^i14209
995    ^aวิภา
999 ^a ใช้งานได้ทุกระบบ
รายการนี้ยังไม่มีแท็ก
คุณยังไม่ได้ล็อกอิน คุณสามารถมีกิจกรรมร่วมกับเว็บไซต์ได้ แต่ต้องล็อกอินก่อน ::
  ล็อกอิน

รายการสื่อสารสนเทศ

ลำดับที่ ประเภท เลขเรียก/บาร์โค้ด สถานที่ สถานะ
1. Book การพยาบาล
Book การพยาบาล
สถานะ=หนังสือเก่า
WY105 ว648ก 2549  
  Barcode: 14210
ห้องสมุดวิทยาเขตนครสวรรค์
►หนังสือทั่วไป:l:General Books
บนชั้น
2. Book การพยาบาล
Book การพยาบาล
สถานะ=หนังสือเก่า
WY105 ว648ก 2549 ฉ.2 
  Barcode: 14209
ห้องสมุดวิทยาเขตนครสวรรค์
►หนังสือทั่วไป:l:General Books
บนชั้น

BibComment


ยังไม่เคยถูกคอมเมนท์

คอมเมนท์ทรัพยากรรายการนี้
  คอมเมนท์: การพัฒนาบุคลากรพ..


 Copyright 2026. Bcnsprnw @Library